Hebrew Loanwords - Statistics

General Stats
  • This quiz has been taken 22 times
  • The average score is 15 of 22
Answer Stats
Hint Answer % Correct
An Israeli community based on agriculture K Kibbutz
95%
A savior or liberator of a group of people M Messiah
95%
Peace, hello, or goodbye S Shalom
90%
The currency of Israel S Shekel
90%
The coming of age ritual in Judaism B Bar mitzvah
86%
A member of the Society of Jesus J Jesuit
86%
A monarch of Ancient Egypt P Pharaoh
86%
An alcoholic beverage made from fermented apple juice C Cider
81%
A person who rides a horse in horse or steeplechase racing J Jockey
81%
The first five books of the Jewish Bible T Torah
81%
A seven-branched candelabrum with a central socket, associated with Hanukkah M Menorah
76%
A puppet controlled using wires and strings; a string puppet M Marionette
71%
A chapel or porch at the west end of churches; also the name of an inland sea G Galilee
62%
A anthropomorphic being made from inanimate matter, usually clay or mud G Golem
62%
A giant sea serpent or monster L Leviathan
57%
A celebration, commemoration, or anniversary J Jubilee
52%
A dramatic or catastrophic event A Armageddon
48%
A bread that is commonly eaten at Passover M Matzo
48%
The SI unit of pressure P Pascal
48%
A type of vowel sound that makes the "uh" sound S Schwa
29%
A cooperative community of farmers M Moshav
24%
An denomination of the Israeli currency A Agora
14%
No matching quizzes found
Score Distribution
Percent of People with Each Score
Percentile by Number Answered
Your Score History
You have not taken this quiz